Logo BPK

Biblioteka

Politechniki Koszalińskiej

Surface electrochemistry : (Rekord nr 29911)

Szczegóły MARC
000 -ETYKIETA REKORDU
podpole kontrolne o stałej długości 00594nam a2200205 i 4500
001 - NUMER KONTROLNY REKORDU
pole kontrolne bg
020 ## - MIĘDZYNARODOWY ZNORMALIZOWANY NUMER KSIĄŻKI - ISBN
ISBN 0306443392
040 ## - ŹRÓDŁO KATALOGOWANIA
Instytucja, która utworzyła rekord BPK
041 ## - KOD JĘZYKA
Kod języka tekstu pol
080 ## - UNIWERSALNA KLASYFIKACJA DZIESIĘTNA - UKD
UKD 541.13:621.35
920 ## - Międzynarodowy znormalizowany numer książki – ISBN
ISBN 0-306-44339-2
008 - POLE O STAŁEJ DŁUGOŚCI - DANE KONTROLNE
podpole kontrolne o stałej długości s pl f |000 0 pol
100 1# - NAZWA OSOBOWA
Nazwa osobowa BOCKRIS, John O'M
245 #0 - TYTUŁ/ODPOWIEDZIALNOŚĆ
Tytuł Surface electrochemistry :
Ciąg dalszy tytułu a molecular level approach /
Pozostałe elementy strefy tytułu i oznaczenia odpowiedzialności John O'M. Bockris, Shahed U.M. Khan.
260 ## - STREFA ADRESU WYDAWNICZEGO
Miejsce wydania New York ; London :
Nazwa wydawcy/dystrybutora Plenum Press,
Data publikacji, dystrybucji/powstania dokumentu 1993.
300 ## - STREFA OPISU FIZYCZNEGO
Objętość 1014 s. :
Inne cechy fizyczne rys., wykr. ;
Rozmiary 27 cm.
650 #9 - HASŁO PRZEDMIOTOWE W FORMIE NAZWY OGÓLNEJ LUB JEDNOSTKOWEJ
Nazwa ogólna lub geograficzna Elektrochemia
Określnik ogólny teoria
700 1# - HASŁO DODATKOWE - NAZWA OSOBOWA
Nazwa osobowa KHAN, Shahed U. M.
942 ## - DODATKOWE ELEMENTY (KOHA)
Typ dokumentu Książka
Egzemplarze
Wycofany Status egzemplarza Uszkodzony Dostępność Lokalizacja stała Lokalizacja bieżąca Miejsce przechowywania Sygnatura Kod kreskowy Typ dokumentu
      Dostępny Biblioteka Politechniki Koszalińskiej Biblioteka Politechniki Koszalińskiej Wypożyczalnia BG 36386 01152364 Książka
© 2023 Biblioteka Politechniki Koszalińskiej :: KOHA